Statistics for The Ultimate Matthew Stafford Quiz

Click here to take the quiz!

General Stats

  • This quiz has been taken 18 times
  • The average score is 12 of 15

Answer Stats

HintAnswer% Correct
How many Pro Bowls has Matthew Stafford been to?1
100%
What year was Stafford drafted?2009
100%
How many coaches has Stafford had in his career as of December 2020?4
100%
What number did Stafford wear in college?7
100%
How many fourth quarter comebacks did he get in the 2016 season?8
100%
What number does Matthew Stafford wear?9
100%
Which receiver has Stafford passed the most touchdowns to?Calvin Johnson
100%
What NFL Team does Matthew Stafford play for?The Detroit Lions
100%
What team did Stafford Play for in college?Georgia
92%
Where does Stafford rank among all time passing leaders as of December 2020?17th
77%
Where does Stafford rank among all time passing touchdown leaders as of December 2020?16th
69%
What MLB Pitcher is he good friends with?Clayton Kershaw
69%
What high school did Stafford go to?Highland Park
69%
What is the name of Matthew Stafford's Wife?Kelly Hall
54%
How much money was guaranteed in his rookie contract?$72 Million
8%

Score Distribution

Percentile by Number Answered

Percent of People with Each Score

Your Score History

You have not taken this quiz